000 00599nam a22001577a 4500
008 090705t xxu||||| |||| 00| 0 eng d
020 _a0521467543
020 _a9780521467544
082 _222
_a428.24
_bJON
245 _aLet's Talk :
_bSpeaking and Listening Activities for Intermediate Students /
_c Leo Jones
260 _aCambridge :
_b Cambridge University Press, 1996
_c1996
300 _a 2 sound cassettes (118 min.) :
_b1 7/8 ips.
650 _910347
_aEnglish language
_xSpoken English
_vProblems, exercises, etc.
650 _910349
_aListening
_vProblems, exercises, etc.
942 _2ddc
_cCT
999 _c12176
_d12176